United Nations at 70 : restoration and renewal : the seventieth anniversary of the United Nations and the restoration of the New York Headquarters /

Bibliographic Details
Other Authors: Ban, Ki-moon (writer of foreword.)
Format: Book
Language:English
Published: New York : Rizzoli International Publications, Inc., 2015.
Subjects:

MARC

Tag First Indicator Second Indicator Subfields
LEADER 00000cam a2200000Ii 4500
001 in00003596513
005 20200404063312.0
008 150323s2015 nyua 000 0 eng d
035 |a (OCoLC)ocn905518242 
040 |a YDXCP  |e rda  |c YDXCP  |d BWK  |d BDX  |d BKL  |d NYP 
020 |a 0847846156 
020 |a 9780847846153 
043 |a n-us-ny 
082 0 |a 725.11097471  |2 23 
090 |a NA4184  |b .U55 2015 
049 |a TXAM 
245 0 0 |a United Nations at 70 :  |b restoration and renewal : the seventieth anniversary of the United Nations and the restoration of the New York Headquarters /  |c foreword by Secretary-General Ban Ki-moon ; essays by Martti Ahtisaari and Carter Wiseman. 
246 3 |a United Nations at seventy 
264 1 |a New York :  |b Rizzoli International Publications, Inc.,  |c 2015. 
300 |a 204 pages :  |b color illustrations ;  |c 26 x 26 cm. 
336 |a text  |b txt  |2 rdacontent 
336 |a still image  |b sti  |2 rdacontent 
337 |a unmediated  |b n  |2 rdamedia 
338 |a volume  |b nc  |2 rdacarrier 
610 2 0 |a United Nations  |x Buildings  |x Maintenance and repair. 
610 2 0 |a United Nations  |x Buildings  |v Pictorial works. 
650 0 |a Public buildings  |x Conservation and restoration  |z New York (State)  |z New York. 
650 0 |a Architecture, Modern  |y 20th century. 
651 0 |a New York (N.Y.)  |x Buildings, structures, etc. 
700 1 |a Ban, Ki-moon,  |e writer of foreword. 
700 1 |a Ahtisaari, Martti,  |d 1937-  |e writer of added commentary. 
700 1 |a Wiseman, Carter,  |e writer of added commentary. 
945 |a PromptCat  |b 380029 
946 |a stk 
947 |a A14842917438 
948 |a cataloged  |b h  |c 2015/11/13  |d c  |e dmitchel  |f 12:44:26 pm 
994 |a 92  |b TXA 
999 f f |s 319c839b-9989-3ca8-9600-aec0ca376626  |i b8149045-8072-32e9-b63d-e174430da46a  |t 0 
952 f f |p normal  |a Texas A&M University  |b College Station  |c Sterling C. Evans Library  |d Evans: Library Stacks  |t 0  |e NA4184 .U55 2015  |h Library of Congress classification  |i unmediated -- volume  |m A14842917438 
998 f f |a NA4184 .U55 2015  |t 0  |l Evans: Library Stacks